Statistics for Random Capitals of Brazilian States on a Map

Click here to take the quiz!

General Stats

  • This quiz has been taken 100 times
  • The average score is 8 of 10

Answers on the Map

Answers color-coded by a green-red scale on the quiz's map according to % correct below.
 

Answer Stats

Capital% Correct
Belo Horizonte
100%
Campo Grande
100%
Curitiba
100%
Fortaleza
100%
Maceió
100%
Manaus
100%
Natal
100%
Rio de Janeiro
100%
Vitória
100%
Brasília
88%
Rio Branco
88%
São Paulo
88%
João Pessoa
83%
Salvador
83%
Florianópolis
80%
Porto Alegre
80%
Cuiabá
75%
Palmas
75%
Recife
75%
Belém
71%
Boa Vista
71%
Aracaju
67%
Goiânia
67%
Porto Velho
67%
Teresina
67%
Macapá
60%
São Luís
50%

Score Distribution

Percentile by Number Answered

Percent of People with Each Score

Your Score History

You have not taken this quiz